000 00951nam a22003137a 4500
001 000059759
003 CHAP
005 20220329140843.0
008 971013s1987 r 00010 d
010 _a58693
011 _a59665
035 _a63825
040 _cCHAP
090 _aFolleto 12060
100 0 0 _aTinajero Mora, Javier.
_9113351
245 1 0 _aInfluencia de la luz en la avicultura.
260 _aChapingo, Méx. :
_bUACH. Departamento de Zootecnia,
_c(1987?).
300 _a5 h.
590 _aBATCH-UPD
_b10
_c20130110
_lUCH01
_h0108
590 _aBATCH-UPD
_b10
_c20130110
_lUCH01
_h2258
590 _aCONVERSION
_b10
_c20130109
_lUCH01
_h1332
590 _aE5995AHE
_b05
_c20150210
_lUCH01
_h1402
650 1 4 _aLuz
_xEfecto en aves de corral.
_969228
901 _aBK
942 _cFOLL
942 _n0
949 _aFolleto 12060
_bBC
_cFOLL
_d-137820
_eTS1
_i63825
_si
949 _aFolleto 12060
_bBC
_cFOLL
_d-137821
_eTS2
_fc.2
_i63825
_si
999 _c58693
_d58693